| 000 | 01313nam a2200421 i 4500 | ||
|---|---|---|---|
| 001 | 6578 | ||
| 003 | KOSZ 005 | ||
| 005 | 20191009143411.0 | ||
| 008 | s1993 pl f f |000 0 pol | ||
| 020 | _a8321336086 | ||
| 040 |
_cKOSZ 005 _aKOSZ 005 _dKOSZ 005/EG |
||
| 041 | _apol | ||
| 046 | _k1977 | ||
| 080 | _a624.04 | ||
| 080 | _a(075.8) | ||
| 100 | 1 |
_aKolendowicz, Tadeusz _eAutor |
|
| 245 | 1 | 0 |
_aMechanika budowli dla architektów / _cTadeusz Kolendowicz. |
| 250 | _aWyd. 2 zm. | ||
| 260 |
_aWarszawa : _b"Arkady", _c1993. |
||
| 300 |
_a415, [1] s. : _b1 mapa, rys. ; _c5 cm. |
||
| 336 |
_2rdacontent _aTekst _btxt |
||
| 337 |
_2rdamedia _aBez urządzenia pośredniczącego _bn |
||
| 338 |
_2rdacarrier _aWolumin _bnc |
||
| 380 | _aKsiążki | ||
| 380 | _aPublikacje dydaktyczne | ||
| 385 |
_mPoziom nauczania _aSzkoły wyższe |
||
| 388 | _a1901-2000 | ||
| 388 | _a1989-2000 | ||
| 504 | _aBibliogr. s. 415-[416]. | ||
| 650 | 7 | _aBudownictwo | |
| 650 | 7 | _aMechanika | |
| 655 | _aPodręczniki akademickie | ||
| 658 | _aArchitektura i budownictwo | ||
| 658 | _aInżynieria i technika | ||
| 710 | 2 | _aWydawnictwo Arkady | |
| 856 |
_uhttp://koha.tu.koszalin.pl/cgi-bin/koha/opac-detail.pl?biblionumber=6578 _yKatalog online BPK |
||
| 942 |
_cKS _2UKD |
||
| 999 |
_c6578 _d6578 |
||